العنف الأسري في الغرب / (رقم التسجيلة. 5743)

تفاصيل مارك
000 -LEADER
fixed length control field 00483nam a22001817a 4500
005 - DATE AND TIME OF LATEST TRANSACTION
control field 20251108164201.0
008 - FIXED-LENGTH DATA ELEMENTS--GENERAL INFORMATION
fixed length control field 250721s2001 xx 000 0 ara d
082 14 - DEWEY DECIMAL CLASSIFICATION NUMBER
Classification number 362.8/محم
100 1# - MAIN ENTRY--PERSONAL NAME
Personal name محمود، فهمي
245 10 - TITLE STATEMENT
Title العنف الأسري في الغرب /
264 1# - PRODUCTION, PUBLICATION, DISTRIBUTION, MANUFACTURE, AND COPYRIGHT NOTICE
Place of production, publication, distribution, manufacture عمان :
Name of producer, publisher, distributor, manufacturer ابن سينا،
Date of production, publication, distribution, manufacture, or copyright notice 2001.
300 ## - PHYSICAL DESCRIPTION
Extent 104ص.
650 17 - SUBJECT ADDED ENTRY--TOPICAL TERM
Topical term or geographic name as entry element الأسرة
650 17 - SUBJECT ADDED ENTRY--TOPICAL TERM
Topical term or geographic name as entry element العنف المنزلي
650 17 - SUBJECT ADDED ENTRY--TOPICAL TERM
Topical term or geographic name as entry element المرأة
942 ## - ADDED ENTRY ELEMENTS (KOHA)
Source of classification or shelving scheme Dewey Decimal Classification
Koha item type كتب
المقتنيات
حالة السحب حالة الفقدان مصدر التصنيف حالة التلف غير قابل للإعارة المكتبة الرئيسية المكتبة الحالية موقع الرف تاريخ التزويد الرقم المتسلسل Total Checkouts رقم الإستدعاء تاريخ آخر ظهور تاريخ الفاتورة نوع المادة (كوها) الباركود
    Dewey Decimal Classification Unchecked   مكتبة أبو علندا العامة مكتبة أبو علندا العامة الإعارة 06/07/2004 444737   362.8/محم 28/07/2025 06/07/2004 كتب  
    Dewey Decimal Classification     مكتبة أبو علندا العامة مكتبة أبو علندا العامة الإعارة 10/02/2009 444717   362.8/محم 28/07/2025 10/02/2009 كتب PLD00072340
    Dewey Decimal Classification     مكتبة أم قصير والمقابلين العامة مكتبة أم قصير والمقابلين العامة الإعارة 13/07/2014 444736   362.8/محم 28/07/2025 13/07/2014 كتب PLD00335279
    Dewey Decimal Classification     مكتبة الجويدة مكتبة الجويدة الإعارة 11/06/2015 444732   362.8/محم 28/07/2025 11/06/2015 كتب PLD00330480
    Dewey Decimal Classification Unchecked   مكتبة الحسن العامة مكتبة الحسن العامة الإعارة 06/07/2004 444733   362.8/محم 28/07/2025 06/07/2004 كتب  
    Dewey Decimal Classification     مكتبة النصر العامة مكتبة النصر العامة الإعارة 28/07/2025 444739   362.8/محم 28/07/2025 28/07/2025 كتب 444739
    Dewey Decimal Classification     مكتبة صويلح العامة مكتبة صويلح العامة الإعارة 05/05/2019 444729   362.8/محم 28/07/2025 05/05/2019 كتب PLD00452331
    Dewey Decimal Classification     مكتبة وادي السير العامة مكتبة وادي السير العامة الإعارة 28/07/2025 444738   362.8/محم 28/07/2025 28/07/2025 كتب 444738
Implemented & Customized by: BBB with SCIT (Smart Chains for Information Technology)

Powered by Koha